| 000 | 00708nam a2200217 i 4500 | ||
|---|---|---|---|
| 001 | 150625 | ||
| 003 | ES-MaACL | ||
| 005 | 20251017063106.0 | ||
| 007 | t| | ||
| 008 | 071031s1971 sp a |||| |bspa d | ||
| 080 | _a929 Fernán González, Conde de Castilla | ||
| 100 | 0 |
_aValentín de la Cruz, _cFray (O.C.D.) _9112611 |
|
| 245 | 1 | 0 |
_aFernán González / _cFray Valentín de la Cruz. |
| 260 |
_aMadrid : _bPublicaciones Españolas, _c1971. |
||
| 300 |
_a76 p. : _bil. ; _c21 cm. |
||
| 490 | 1 |
_aTemas españoles ; _v524 |
|
| 600 | 1 | 4 |
_aGonzález, Fernán _cConde de Castilla. _9156558 |
| 830 | 0 |
_aTemas españoles ; _v524 _9178712 |
|
| 852 |
_aES-MaACL _jC-42400 |
||
| 999 |
_c150625 _d150625 |
||